Southville International School and Colleges
Your cart is empty.
  • Cart
  • Lists
    Public lists Eva Luna New books Lux_list list_1
    Your lists Log in to create your own lists
  • Log in to your account
  • Your cookies
  • Search history
Southville International School and Colleges
  • Advanced search
  • Recent comments
  • Most popular
  • Libraries

Log in to your account

Log in with GOOGLE


If you do not have an external account, but do have a local account, you can still log in:

  1. Home
  2. MARC view: Five Goofy ghosts /
Normal view MARC view ISBD view

Five Goofy ghosts / (Record no. 105009)

[ view plain ]
MARC details
000 -LEADER
fixed length control field 00729nam a2200205 a 4500
005 - DATE AND TIME OF LATEST TRANSACTION
control field 20140412111334.0
008 - FIXED-LENGTH DATA ELEMENTS--GENERAL INFORMATION
fixed length control field 040113s19uu xx 00 eng d
020 ## - INTERNATIONAL STANDARD BOOK NUMBER
International Standard Book Number 0-590-92152-5
050 ## - LIBRARY OF CONGRESS CALL NUMBER
Classification number ER
Item number Fi44 1996
100 ## - MAIN ENTRY--PERSONAL NAME
Personal name Stamper, Judith Bauer
245 ## - TITLE STATEMENT
Title Five Goofy ghosts /
Statement of responsibility, etc by Judith Bauer Stamper ; illustrated by Tim Raglin.
260 ## - PUBLICATION, DISTRIBUTION, ETC. (IMPRINT)
Place of publication, distribution, etc New York :
Name of publisher, distributor, etc Scholastic Inc,
Date of publication, distribution, etc 1996.
300 ## - PHYSICAL DESCRIPTION
Extent 1 v. (unp.) ; ill.
440 ## - SERIES STATEMENT/ADDED ENTRY--TITLE
Title Hello Reader! - Level 4
500 ## - GENERAL NOTE
General note Contents: Never talk to a ghost -- A scary tale -- The trunk full of treats -- The hairy toe -- The last laugh
650 ## - SUBJECT ADDED ENTRY--TOPICAL TERM
Topical term or geographic name as entry element Ghosts stories, American
650 ## - SUBJECT ADDED ENTRY--TOPICAL TERM
Topical term or geographic name as entry element Humurous stories, American
650 ## - SUBJECT ADDED ENTRY--TOPICAL TERM
Topical term or geographic name as entry element Children stories, American
Holdings
Withdrawn status Lost status Damaged status Use restrictions Home library Current library Shelving location Date acquired Source of acquisition Total Checkouts Full call number Barcode Date last seen Price effective from Koha item type
        Elizalde Library Elizalde Library Easy Reading Section 01/13/2004     ER Fi44 1996 E9271 04/12/2014 04/12/2014 Books

Five Goofy ghosts /

APA

Stamper J. B., . (1996). Five Goofy ghosts. New York: Scholastic Inc.

Chicago

Stamper Judith Bauer, . 1996. Five Goofy ghosts. New York: Scholastic Inc.

Harvard

Stamper J. B., . (1996). Five Goofy ghosts. New York: Scholastic Inc.

MLA

Stamper Judith Bauer, . Five Goofy ghosts. New York: Scholastic Inc. 1996.

  • Place hold
  • Print
  • Cite
  • Add to your cart (remove)
  • Save record
    BIBTEX Dublin Core MARCXML MARC (non-Unicode/MARC-8) MARC (Unicode/UTF-8) MARC (Unicode/UTF-8, Standard) MODS (XML) RIS
  • More searches
    Search for this title in:
    Other Libraries (WorldCat) Other Databases (Google Scholar) Online Stores (Bookfinder.com) Open Library (openlibrary.org)

Exporting to Dublin Core...

SOUTHVILLE LIBRARY

Southville International School and Colleges Library

1281 Tropical Ave. Cor. Luxembourg St., BF Homes International, Las Pinas City

Tel. No. 8256374 / 252358 Loc. 117/146

Powered by Koha